书目信息 |
| 题名: |
中国第一市场探秘
|
|
| 作者: | 骆毓龙 著 | |
| 分册: | ||
| 出版信息: | 北京 中国发展出版社 1994 |
|
| 页数: | 160页 | |
| 开本: | 19cm | |
| 丛书名: | 《中外第三产业》杂志丛书 | |
| 单 册: | ||
| 中图分类: | F727.554 | |
| 科图分类: | ||
| 主题词: | 商业经营--经验--义乌 , 市场经济--义乌 | |
| 电子资源: | ||
| ISBN: | 7-80087-141-X | |
| 000 | 00862nam2 2200277 450 | |
| 001 | 0100449717 | |
| 005 | 20100716145044.0 | |
| 010 | @a7-80087-141-X@dCNY5.80 | |
| 011 | @a7-80087-141-X | |
| 100 | @a20021005d1994 em y0chiy0110 ea | |
| 101 | 0 | @achi |
| 102 | @aCN@b110000 | |
| 105 | @ay z 000yy | |
| 106 | @ar | |
| 200 | 1 | @a中国第一市场探秘@9Zhong Guo Di Yi Shi Chang Tan Mi;Bi @f骆毓龙著@b专著 |
| 210 | @a北京@c中国发展出版社@d1994 | |
| 215 | @a160页@d19cm | |
| 225 | 2 | @a《中外第三产业》杂志丛书@f朱 兵主编 |
| 330 | @a本书介绍了一组浙江义乌人兴商建市、开辟流通市场等致富秘密。 | |
| 410 | 0 | @12001 @a《中外第三产业》杂志丛书 |
| 606 | 0 | @a商业经营@x经验@y义乌 |
| 606 | 0 | @a市场经济@y义乌 |
| 690 | @aF727.554@v3 | |
| 701 | 0 | @a骆毓龙@f(1947~)@9luo yu long@4著 |
| 801 | 0 | @aCN@bAiZhiMarc@c19940303 |
| 905 | @aBZT@dF727.554@e1@f13@sF727.554/1 | |
| 中国第一市场探秘/骆毓龙著.-北京:中国发展出版社,1994 |
| 160页;19cm.-(《中外第三产业》杂志丛书/朱 兵主编) |
| ISBN 7-80087-141-X:CNY5.80 |
| 本书介绍了一组浙江义乌人兴商建市、开辟流通市场等致富秘密。 |
| ● |
| 相关链接 |
|
|
|
正题名:中国第一市场探秘
索取号:F727.554/1
 
预约/预借
| 序号 | 登录号 | 条形码 | 馆藏地/架位号 | 状态 | 备注 |
| 1 | 2000099584 | 2000099584 | 旧书回溯/ [索取号:F727.554/1] | 在馆 | |
| 2 | 2000099585 | 2000099585 | 旧书回溯/ [索取号:F727.554/1] | 在馆 | |
| 3 | 2000099586 | 2000099586 | 旧书回溯/ [索取号:F727.554/1] | 在馆 | |
| 4 | 2000099587 | 2000099587 | 旧书回溯/ [索取号:F727.554/1] | 在馆 | |
| 5 | 2000099588 | 2000099588 | 旧书回溯/ [索取号:F727.554/1] | 在馆 | |
| 6 | 2000099589 | 2000099589 | 旧书回溯/ [索取号:F727.554/1] | 在馆 | |
| 7 | 2000099590 | 2000099590 | 旧书回溯/ [索取号:F727.554/1] | 在馆 | |
| 8 | 2000099591 | 2000099591 | 旧书回溯/ [索取号:F727.554/1] | 在馆 | |
| 9 | 2000099592 | 2000099592 | 旧书回溯/ [索取号:F727.554/1] | 在馆 | |
| 10 | 2000099593 | 2000099593 | 旧书回溯/ [索取号:F727.554/1] | 在馆 | |
| 11 | 2000099594 | 2000099594 | 旧书回溯/ [索取号:F727.554/1] | 在馆 | |
| 12 | 2000099595 | 2000099595 | 旧书回溯/ [索取号:F727.554/1] | 在馆 | |
| 13 | 2000099596 | 2000099596 | 旧书回溯/ [索取号:F727.554/1] | 在馆 |